00291nam a22001097a 4500020001500000040000900015082002100024100002100045245003300066260004900099650003300148 a0201578859 cNust a621.31042bSLE'E aGordon R. Slemon aElectric machines and drives aNew York:bAddison Wesley publishers,c1992. aElectric machines and drives